00630nam a2200181Ia 4500008004100000082001300041100001900054245002800073250000800101260002500109300001000134500002400144650001600168942000700184952010800191952013200299999001700431230524s9999 xx 000 0 und d a510bDUT aDebashis Dutta 0aEngineering Mathematics a1ST aNEW DELHIbNAIc2002 aX;627 aQuantity Number: 2 aMathematics cBK 00104070aTATCLbTATCLcGENd2023-05-24l0o510 DUTp8809r2023-05-24tVOL-IIw2023-05-24yBKzBS1101 00104070aTATCLbTATCLcGENd2023-05-24l1o510 DUTp8810q2015-03-23r2024-01-25s2024-01-25tVOL-IIw2023-05-24yBKzBS1101 c31539d31539